Челобитная княгини Марии Юрьевны Черкасской в Штатс-контору о выдаче ей жалованья скончавшегося мужа ее князя А.М. Черкасского

Доступно только в Электронных читальных залах Найти на картеНа карте
RUSMARC
00003691nmc2a22002413x 450
001354b9c03-9e1c-46e2-948f-eca71e9266c8
00520230906171604.0
100##$a20230206l17421742k l0rusy0189 ca
1010#$arus
102##$aRU
105##$ay###
1222#$ad
2001#$aЧелобитная княгини Марии Юрьевны Черкасской в Штатс-контору о выдаче ей жалованья скончавшегося мужа ее князя А.М. Черкасского
$j1742 г.
215##$a5 л.
$d36,5х26 см
251##$cДело
300##$aГраф Петр Борисович Шереметев и его тесть князь Алексей Михайлович Черкасский
371##$aДокумент не является опубликованным и широко распространяемым
461#0$100198b93a77-94f0-46bb-a7e0-b5027cc72a67
$12001
$aШереметевы, графы
$1251
$cФонд
$1852
$j1088
462#0$1001d3ce280e-361b-49f4-86d2-e1a120f828b4
$12001
$aЛичные документы, переписка и документы, связанные со служебной и общественной деятельностью графов Бориса Петровича, Петра Борисовича, Николая Петровича и Дмитрия Шереметевых
$1251
$cОпись
$1852
$j1
801#0$aRU
$bРГИА
$c20230206
$gRCR
801#1$aRU
$bГлавНИВЦ
$c20230206
$2rusmarc
801#2$aRU
$bПБ им. Б.Н. Ельцина
$c20230906
$gRCR
$2rusmarc
850##$aРГИА
852##$aРГИА
$eФедеральное казенное учреждение "Российский государственный исторический архив" (РГИА)
$j49
937##$hРГИА
$d12391136
$aASBIBLIO_SCAN
035##$aRusGRCC00059942
856##$uhttp://readingroom.main.prlib.ru/item.aspx?id_node=n187407678&mode=full
Формат отображения